[Event "4NCL Division 1d"]
[Site "Birmingham, ENG"]
[Date "2016.03.20"]
[Round "8.151"]
[White "Tarhon, Brian"]
[Black "Gordon, Stephen J"]
[Result "0-1"]
[WhiteElo "2304"]
[BlackElo "2493"]
[PlyCount "76"]
[EventDate "2016.03.20"]
[WhiteTeam "Sussex Martlets 1"]
[BlackTeam "3Cs 1"]

1. e4 c5 2. Nf3 d6 3. d4 cxd4 4. Nxd4 Nf6 5. Nc3 a6 6. Bg5 Nbd7 7. Bc4 Qb6 8.
Bb3 e6 9. O-O Be7 10. a4 Nc5 11. a5 Qc7 12. Qf3 O-O 13. Ba2 b5 14. axb6 Qxb6
15. Nb3 Ncd7 16. Qe3 Qc7 17. Qg3 Ne5 18. f3 Nc4 19. Bc1 Rb8 20. Rb1 a5 21. Qf2
Ba6 22. Rd1 Rfc8 23. Nd4 Nd7 24. Bxc4 Bxc4 25. b3 Bxb3 26. Ncb5 Rxb5 27. Nxb5
Qxc2 28. Bd2 Qd3 29. Qf1 Bc4 30. Rbc1 Qxf1+ 31. Rxf1 Rc5 32. Be3 Bxf1 33. Bxc5
Bxb5 34. Ba3 f6 35. Rc7 Kf7 36. Rb7 Ba4 37. Ra7 Bd8 38. Kf1 Bc6 0-1

[Event "4NCL Division 1d"]
[Site "Birmingham, ENG"]
[Date "2016.03.20"]
[Round "8.152"]
[White "Ashton, Adam G"]
[Black "Bucher, Grant W"]
[Result "1-0"]
[WhiteElo "2381"]
[BlackElo "2128"]
[PlyCount "115"]
[EventDate "2016.03.20"]
[WhiteTeam "3Cs 1"]
[BlackTeam "Sussex Martlets 1"]

1. e4 e5 2. Nf3 Nc6 3. Bc4 Nf6 4. d3 d5 5. exd5 Nxd5 6. h3 Bc5 7. O-O O-O 8.
Re1 f6 9. Nc3 Be6 10. d4 Bb4 11. dxe5 Nxe5 12. Rxe5 fxe5 13. Bxd5 Bxd5 14.
Qxd5+ Qxd5 15. Nxd5 Bc5 16. Nxc7 Rad8 17. Bg5 Rc8 18. Ne6 Rf5 19. Nxc5 Rxc5 20.
Be3 Rxc2 21. b4 Rb2 22. a3 b6 23. Nd2 Rc2 24. Ne4 Rb2 25. Nd6 Rf8 26. Nc4 Rb3
27. Nxe5 Rc8 28. g4 Rcc3 29. Rd1 Rc8 30. Rd7 Rxa3 31. b5 Rf8 32. Kg2 Ra4 33.
Nc6 Rf7 34. Rd8+ Rf8 35. Ne7+ Kf7 36. Rd7 Ke6 37. Rc7 Rf7 38. Bg5 h6 39. Rc6+
Kd7 40. Ng6 hxg5 41. Ne5+ Ke7 42. Rc7+ Kd6 43. Rxf7 Kxe5 44. Rxg7 Kf6 45. Rc7
Ra5 46. Kg3 Rxb5 47. Rxa7 Rb1 48. Rb7 b5 49. f3 b4 50. h4 gxh4+ 51. Kxh4 b3 52.
Rb6+ Ke5 53. Kg5 b2 54. f4+ Ke4 55. f5 Ke5 56. f6 Rf1 57. Rxb2 Ke6 58. Rb7 1-0

[Event "4NCL Division 1d"]
[Site "Birmingham, ENG"]
[Date "2016.03.20"]
[Round "8.153"]
[White "Graham, David B"]
[Black "Horton, Andrew P"]
[Result "0-1"]
[WhiteElo "2136"]
[BlackElo "2299"]
[PlyCount "95"]
[EventDate "2016.03.20"]
[WhiteTeam "Sussex Martlets 1"]
[BlackTeam "3Cs 1"]

1. e4 e5 2. Nf3 Nc6 3. Bc4 Bc5 4. b4 Bxb4 5. c3 Be7 6. d4 Na5 7. Bd3 d6 8. dxe5
dxe5 9. Nxe5 Nf6 10. O-O O-O 11. Qe2 c5 12. f4 c4 13. Bc2 Qc7 14. Nd2 b5 15.
Ndf3 Bb7 16. Nd4 Bc5 17. Kh1 a6 18. Nf5 Rae8 19. Be3 g6 20. Bxc5 Qxc5 21. Nd4
Rd8 22. Rad1 Rfe8 23. Ndf3 Nc6 24. Nxc6 Bxc6 25. Ne5 Bb7 26. Bb1 a5 27. a4 b4
28. cxb4 axb4 29. Qxc4 Qxc4 30. Nxc4 Ba6 31. Ba2 Rxd1 32. Rxd1 Nxe4 33. Kg1 Nc3
34. Nd6 Rd8 35. Bxf7+ Kf8 36. Rd2 Ke7 37. Bc4 Rxd6 38. Rxd6 Bxc4 39. Rb6 b3 40.
Rb4 Bd5 41. a5 Kd6 42. g4 Kc5 43. Rxb3 Bxb3 44. Kf2 Ne4+ 45. Ke3 Nf6 46. h3 Be6
47. a6 Kb6 48. Kd4 0-1

[Event "4NCL Division 1d"]
[Site "Birmingham, ENG"]
[Date "2016.03.20"]
[Round "8.154"]
[White "Longson, Alexander"]
[Black "Cumming, Rhys"]
[Result "1-0"]
[WhiteElo "2286"]
[BlackElo "2173"]
[PlyCount "83"]
[EventDate "2016.03.20"]
[WhiteTeam "3Cs 1"]
[BlackTeam "Sussex Martlets 1"]

1. e4 e5 2. Nf3 Nc6 3. Bc4 Nf6 4. d3 Bc5 5. O-O d6 6. c3 h6 7. a4 a6 8. Re1 O-O
9. Nbd2 Ne7 10. d4 Ba7 11. dxe5 Ng4 12. Rf1 Nxe5 13. Nxe5 dxe5 14. Qh5 Qd6 15.
Nf3 b5 16. Bb3 Ng6 17. Rd1 Qf6 18. axb5 axb5 19. Be3 Bxe3 20. Rxa8 Nf4 21. Qxe5
Nh3+ 22. Kf1 Qxe5 23. Nxe5 Nxf2 24. Re1 Bc5 25. Re2 Ng4 26. Nxg4 Bxg4 27. Rxf8+
Kxf8 28. Re1 Ke7 29. h3 Bd7 30. Ke2 b4 31. Kd3 bxc3 32. Kxc3 f6 33. e5 fxe5 34.
Rxe5+ Kd6 35. Rd5+ Kc6 36. Rd3 Bf5 37. Bd5+ Kb6 38. Rf3 Bb1 39. Kc4 Ba2+ 40. b3
Be7 41. Rf1 Bf6 42. Be4 1-0

[Event "4NCL Division 1d"]
[Site "Birmingham, ENG"]
[Date "2016.03.20"]
[Round "8.155"]
[White "Willson, Ollie"]
[Black "Congiu, Mathilde"]
[Result "0-1"]
[WhiteElo "2065"]
[BlackElo "2265"]
[PlyCount "52"]
[EventDate "2016.03.20"]
[WhiteTeam "Sussex Martlets 1"]
[BlackTeam "3Cs 1"]

1. d4 Nf6 2. Nf3 g6 3. c4 Bg7 4. Nc3 O-O 5. e4 d6 6. Be3 c5 7. d5 e6 8. h3 b5
9. cxb5 exd5 10. exd5 Nbd7 11. Nd2 Re8 12. Be2 Nb6 13. Nc4 Nxc4 14. Bxc4 Ne4
15. O-O Nxc3 16. bxc3 Qh4 17. Bd3 Bxh3 18. gxh3 Qxh3 19. Bf4 Be5 20. Qd2 Qg4+
21. Bg3 Bxg3 22. fxg3 Qxg3+ 23. Qg2 Qxd3 24. Rf3 Qxd5 25. Raf1 Re5 26. Qf2 Rf8
0-1

[Event "4NCL Division 1d"]
[Site "Birmingham, ENG"]
[Date "2016.03.20"]
[Round "8.156"]
[White "Walton, Alan J"]
[Black "Hoare, Amy B"]
[Result "1/2-1/2"]
[WhiteElo "2206"]
[BlackElo "2102"]
[PlyCount "27"]
[EventDate "2016.03.20"]
[WhiteTeam "3Cs 1"]
[BlackTeam "Sussex Martlets 1"]

1. d4 Nf6 2. Bg5 Ne4 3. Bf4 d5 4. e3 e6 5. Bd3 Bd6 6. Ne2 O-O 7. O-O Nd7 8. c4
Bxf4 9. Nxf4 Nef6 10. Nc3 dxc4 11. Bxc4 e5 12. dxe5 Nxe5 13. Be2 c6 14. Nd3
1/2-1/2

[Event "4NCL Division 1d"]
[Site "Birmingham, ENG"]
[Date "2016.03.20"]
[Round "8.157"]
[White "Tebbs, Howard L"]
[Black "Abbas, Daniel"]
[Result "1/2-1/2"]
[WhiteElo "2097"]
[BlackElo "2260"]
[PlyCount "191"]
[EventDate "2016.03.20"]
[WhiteTeam "Sussex Martlets 1"]
[BlackTeam "3Cs 1"]

1. d4 Nf6 2. Nf3 e6 3. Bf4 c5 4. c3 cxd4 5. cxd4 b5 6. a3 Bb7 7. e3 a6 8. Nc3
Be7 9. h3 O-O 10. Bd3 Qb6 11. O-O Nc6 12. b4 Rfc8 13. Rc1 Na7 14. Qe2 a5 15.
Nxb5 Nxb5 16. Bxb5 axb4 17. axb4 Bxf3 18. gxf3 Nd5 19. Bxd7 Rxc1 20. Rxc1 Nxf4
21. exf4 Rd8 22. Rc8 Rxc8 23. Bxc8 Qxd4 24. Qe4 Qc3 25. Ba6 g6 26. b5 Bc5 27.
Qe5 Bd4 28. Qe2 Qc1+ 29. Kg2 Qxf4 30. Qe1 Bb6 31. Qc3 Bd4 32. Qe1 Be5 33. Qg1
Bc7 34. Qh1 Qg5+ 35. Kf1 Qd2 36. Kg2 Qg5+ 37. Kf1 h5 38. Qg1 Qf5 39. Kg2 Qf4
40. Qh1 Kh7 41. Kg1 Qg5+ 42. Qg2 Qf4 43. Kh1 Qc1+ 44. Qg1 Qb2 45. Qf1 Qe5 46.
Qg1 Qd5 47. Kg2 Qg5+ 48. Kh1 Qf5 49. Kg2 Kh6 50. Qc1+ Bf4 51. Qa1 Kg5 52. Qf1
Kh4 53. Kh1 Qd5 54. Kg2 Bb8 55. Qh1 Qg5+ 56. Kf1 Qe5 57. Kg2 Qb2 58. Qe1 Bf4
59. Qe4 Qf6 60. b6 Qg5+ 61. Kh1 Kxh3 62. Bf1+ Kh4 63. b7 Qe5 64. Qxe5 Bxe5 65.
Bd3 Kg5 66. Be4 Kf4 67. Kg2 Bb8 68. Bc6 Ke5 69. Be8 Kf6 70. Kh3 Ke7 71. Ba4 f6
72. Kh4 Ba7 73. Kg3 g5 74. Kh3 Kd6 75. Bb3 Ke5 76. Kg2 Kf5 77. Ba4 Kf4 78. Bd7
e5 79. Bc6 f5 80. Bd5 h4 81. Bc6 Bb8 82. Bd5 g4 83. fxg4 fxg4 84. Kf1 e4 85.
Bc4 Ba7 86. Be6 Kf3 87. Bc4 Bb8 88. Be2+ Kf4 89. Kg2 h3+ 90. Kh1 Bc7 91. Bd1
Kg5 92. Be2 Bb8 93. Bd1 Ba7 94. Be2 e3 95. Bxg4 Kxg4 96. fxe3 1/2-1/2

[Event "4NCL Division 1d"]
[Site "Birmingham, ENG"]
[Date "2016.03.20"]
[Round "8.158"]
[White "Horton, Jamie A"]
[Black "Higgs, Anthony R J"]
[Result "1-0"]
[WhiteElo "2110"]
[BlackElo "1973"]
[PlyCount "71"]
[EventDate "2016.03.20"]
[WhiteTeam "3Cs 1"]
[BlackTeam "Sussex Martlets 1"]

1. d4 Nf6 2. c4 c5 3. d5 e5 4. Nc3 d6 5. e4 Be7 6. g3 Na6 7. Bg2 Nc7 8. Nge2 h5
9. h4 b5 10. cxb5 a6 11. bxa6 Bxa6 12. O-O Rb8 13. Re1 Kf8 14. Rb1 Nce8 15. b3
Nd7 16. a3 Nef6 17. b4 cxb4 18. axb4 Ng4 19. Bh3 Ndf6 20. Rf1 Bc8 21. Bg2 Nd7
22. Bf3 Nb6 23. Kg2 g5 24. Bxg4 Bxg4 25. f3 Bd7 26. hxg5 Bxg5 27. Rh1 Qf6 28.
Qd3 h4 29. g4 Ke7 30. Bxg5 Qxg5 31. Rh3 Rbc8 32. Nd1 Nc4 33. b5 f5 34. exf5
Bxf5 35. Qxf5 Qe3 36. Qe6+ 1-0

[Event "4NCL Division 1d"]
[Site "Birmingham, ENG"]
[Date "2016.03.20"]
[Round "8.161"]
[White "Haria, Ravi"]
[Black "Zakarian, David"]
[Result "1/2-1/2"]
[WhiteElo "2398"]
[BlackElo "2392"]
[PlyCount "97"]
[EventDate "2016.03.20"]
[WhiteTeam "Cambridge University 1"]
[BlackTeam "Oxford 1"]

1. Nf3 Nf6 2. g3 d5 3. Bg2 e6 4. O-O c5 5. d4 cxd4 6. Nxd4 e5 7. Nf3 Nc6 8. c4
d4 9. e3 Be7 10. exd4 exd4 11. Bf4 O-O 12. Re1 Be6 13. b3 Re8 14. Ne5 Qb6 15.
Nd2 Bb4 16. Nxc6 bxc6 17. h3 Bd7 18. Re5 Rad8 19. Ne4 c5 20. a3 Rxe5 21. Bxe5
Nxe4 22. axb4 Nc3 23. Qd2 Re8 24. bxc5 Qxc5 25. Bf4 Re2 26. Qd3 Bf5 27. b4 Bxd3
28. bxc5 Bxc4 29. Bf1 Ra2 30. Rxa2 Bxa2 31. Be5 Bd5 32. Bxd4 Ne4 33. Bb5 Ng5
34. Be3 Ne6 35. c6 a6 36. Ba4 Kf8 37. f4 g6 38. g4 Ke7 39. f5 Nc7 40. Bc5+ Kd8
41. Bb6 Kc8 42. h4 Nb5 43. fxg6 fxg6 44. g5 Nc3 45. Bc2 Bxc6 46. Ba5 Nd5 47. h5
Nf4 48. hxg6 Nxg6 49. Bxg6 1/2-1/2

[Event "4NCL Division 1d"]
[Site "Birmingham, ENG"]
[Date "2016.03.20"]
[Round "8.162"]
[White "Tan, Justin"]
[Black "Bisby, Daniel L"]
[Result "1-0"]
[WhiteElo "2441"]
[BlackElo "2286"]
[PlyCount "61"]
[EventDate "2016.03.20"]
[WhiteTeam "Oxford 1"]
[BlackTeam "Cambridge University 1"]

1. e4 d6 2. d4 Nf6 3. Nc3 g6 4. Be3 a6 5. Qd2 b5 6. f3 Nbd7 7. O-O-O Bb7 8. h4
Nb6 9. Bd3 Bg7 10. g4 e6 11. h5 Rg8 12. hxg6 hxg6 13. Bg5 Qc8 14. Kb1 Nfd7 15.
Nce2 c5 16. c3 c4 17. Bc2 Qc7 18. Ng3 a5 19. N1e2 d5 20. e5 b4 21. Nf4 b3 22.
Bxg6 Nf8 23. Bh5 bxa2+ 24. Ka1 Bxe5 25. dxe5 Rxg5 26. Nxd5 Bxd5 27. Qxg5 Na4
28. Ne4 Bxe4 29. fxe4 Qb7 30. Rh2 Nc5 31. Rf2 1-0

[Event "4NCL Division 1d"]
[Site "Birmingham, ENG"]
[Date "2016.03.20"]
[Round "8.163"]
[White "Bukojemski, Adam"]
[Black "Eckersley-Waites, Tom"]
[Result "0-1"]
[WhiteElo "2250"]
[BlackElo "2312"]
[PlyCount "68"]
[EventDate "2016.03.20"]
[WhiteTeam "Cambridge University 1"]
[BlackTeam "Oxford 1"]

1. e4 e5 2. Nf3 Nc6 3. Bc4 Nf6 4. d3 Be7 5. Bb3 O-O 6. O-O d6 7. c3 Na5 8. Bc2
c5 9. a3 Qc7 10. b4 Nc6 11. Bb2 Bg4 12. Nbd2 d5 13. exd5 Nxd5 14. b5 Na5 15. h3
Bh5 16. Ne4 c4 17. Ng3 Bg6 18. d4 exd4 19. Bxg6 hxg6 20. Nxd4 Rad8 21. Qf3 Bf6
22. Nge2 Nb6 23. a4 Rfe8 24. Rfd1 Nb3 25. a5 Nd7 26. Nxb3 cxb3 27. Nd4 Ne5 28.
Qg3 Qd7 29. Rdb1 Nc4 30. Nxb3 Qxb5 31. Ba3 Nxa3 32. Rxa3 Rd3 33. Qg4 Rxc3 34.
Qa4 Qe2 0-1

[Event "4NCL Division 1d"]
[Site "Birmingham, ENG"]
[Date "2016.03.20"]
[Round "8.164"]
[White "Harvey, Marcus R"]
[Black "Churm, Rohan M"]
[Result "1/2-1/2"]
[WhiteElo "2336"]
[BlackElo "2127"]
[PlyCount "216"]
[EventDate "2016.03.20"]
[WhiteTeam "Oxford 1"]
[BlackTeam "Cambridge University 1"]

1. Nf3 d5 2. b3 Bg4 3. Bb2 Nd7 4. c4 c6 5. d4 Bxf3 6. gxf3 Ngf6 7. Nc3 g6 8. e4
Qa5 9. Qd2 e6 10. a3 h5 11. b4 Qd8 12. Qc2 Bh6 13. Bc1 Bxc1 14. Rxc1 dxc4 15.
Bxc4 Nb6 16. Ne2 Nxc4 17. Qxc4 O-O 18. O-O Qe7 19. Rfd1 Rfd8 20. Rc3 Ne8 21.
Qc5 Kf8 22. f4 Nd6 23. f3 a5 24. a4 axb4 25. Qxb4 Nc8 26. Rb1 Rd7 27. Rcb3 Qxb4
28. Rxb4 Nd6 29. Nc3 Ra7 30. Kf2 Ke8 31. Kg3 Kf8 32. Kh4 Kg7 33. Kh3 Kf8 34.
Kg2 Ke7 35. Kf2 Ke8 36. Ke2 Kd8 37. Kd3 Kc8 38. Rc1 Rc7 39. Rb6 Kd7 40. Rcb1
Kc8 41. Rg1 Kd7 42. Rg5 Ne8 43. Rb1 Nd6 44. a5 Ke7 45. Rc5 Kd8 46. Rb6 Nc8 47.
Rb4 Nd6 48. Ke3 Re7 49. Kf2 Ke8 50. Na4 Rd7 51. Nb6 Rd8 52. d5 exd5 53. exd5
Nf5 54. Ra4 cxd5 55. Nxd5 Kf8 56. Rb4 Rd7 57. Ne3 Rd2+ 58. Ke1 Rxh2 59. Nxf5
gxf5 60. Rxf5 h4 61. Kf1 Ra2 62. Rbb5 h3 63. Kg1 Kg7 64. Rg5+ Kf8 65. Rh5 Ke7
66. Kh1 Kf8 67. Rbf5 Rf2 68. Rh8+ Ke7 69. Re5+ Kd7 70. Rxh3 b6 71. Kg1 Rb2 72.
Rh7 Rxa5 73. Rxf7+ Kd6 74. Rf6+ Kd7 75. Re1 Raa2 76. Rg6 Rf2 77. Rg3 Rfe2 78.
Rg7+ Ke6 79. Rb1 Rab2 80. Ra1 Kf6 81. Rg5 Ra2 82. Rxa2 Rxa2 83. Rb5 Ra4 84. Kf2
Rxf4 85. Kg3 Ra4 86. f4 Ra6 87. Kg4 Kg6 88. Rg5+ Kf7 89. Rf5+ Kg6 90. Rb5 Kf6
91. Rh5 Kg7 92. Rd5 b5 93. Rxb5 Kg6 94. Rg5+ Kf6 95. Rh5 Kg6 96. f5+ Kg7 97.
Kg5 Kf7 98. Rh1 Rb6 99. Ra1 Rc6 100. Ra7+ Kf8 101. Rh7 Ra6 102. Rh8+ Kg7 103.
Re8 Kf7 104. Rb8 Rc6 105. Rb7+ Kf8 106. Rb5 Kf7 107. f6 Rc1 108. Rb7+ Kf8
1/2-1/2

[Event "4NCL Division 1d"]
[Site "Birmingham, ENG"]
[Date "2016.03.20"]
[Round "8.166"]
[White "Coleman, James"]
[Black "Robertson, J Stuart"]
[Result "0-1"]
[WhiteElo "2207"]
[BlackElo "2111"]
[PlyCount "66"]
[EventDate "2016.03.20"]
[WhiteTeam "Oxford 1"]
[BlackTeam "Cambridge University 1"]

1. d4 d5 2. c4 c6 3. Nc3 Nf6 4. Nf3 e6 5. Bg5 dxc4 6. e4 b5 7. e5 h6 8. Bh4 g5
9. Bg3 Nd5 10. Nd2 Qb6 11. Nde4 Nd7 12. Be2 Bb7 13. a4 a6 14. O-O Be7 15. Bh5
c5 16. dxc5 Bxc5 17. axb5 axb5 18. Rxa8+ Bxa8 19. Qf3 O-O 20. h4 Nxc3 21. bxc3
Be7 22. Rd1 Bxe4 23. Qxe4 Nc5 24. Qe3 b4 25. hxg5 hxg5 26. cxb4 Qxb4 27. Kh2
Kg7 28. Rd4 Qb3 29. Qe2 c3 30. Bg4 Rh8+ 31. Bh3 Qb2 32. Qe3 c2 33. Rc4 Nb3 0-1

[Event "4NCL Division 1d"]
[Site "Birmingham, ENG"]
[Date "2016.03.20"]
[Round "8.167"]
[White "Spencer, Carl J"]
[Black "Matta, Francesca"]
[Result "1-0"]
[WhiteElo "2107"]
[BlackElo "1975"]
[PlyCount "75"]
[EventDate "2016.03.20"]
[WhiteTeam "Cambridge University 1"]
[BlackTeam "Oxford 1"]

1. e4 c5 2. Nf3 e6 3. c3 d5 4. exd5 Qxd5 5. d4 Nf6 6. Be2 Nc6 7. O-O Be7 8. Be3
cxd4 9. cxd4 O-O 10. Nc3 Qa5 11. a3 Nd5 12. Ne4 Qc7 13. Rc1 a6 14. Bd3 Bd7 15.
Ne5 Rfd8 16. Qh5 g6 17. Qh6 Be8 18. Nf3 Bf8 19. Qh4 f5 20. Nc5 Bxc5 21. Rxc5
Nxe3 22. fxe3 Rac8 23. Bc4 Rd6 24. Ba2 Qd8 25. Ng5 Rc7 26. Qg3 Bf7 27. Rfc1 Qf6
28. Nxf7 Rdd7 29. Ng5 Nxd4 30. Rxc7 Ne2+ 31. Kf2 Nxg3 32. Bxe6+ Kf8 33. Bxd7
Ne4+ 34. Nxe4 fxe4+ 35. Kg1 Qb6 36. R1c3 Qxb2 37. Be6 Qb1+ 38. Rc1 1-0

[Event "4NCL Division 1d"]
[Site "Birmingham, ENG"]
[Date "2016.03.20"]
[Round "8.168"]
[White "Varney, Zoe"]
[Black "Kueh, Audrey"]
[Result "0-1"]
[WhiteElo "2012"]
[BlackElo "2085"]
[PlyCount "124"]
[EventDate "2016.03.20"]
[WhiteTeam "Oxford 1"]
[BlackTeam "Cambridge University 1"]

1. e4 c6 2. c4 e5 3. Nf3 d6 4. d4 Nd7 5. Nc3 Ngf6 6. Be2 g6 7. Bg5 Bg7 8. h3 h6
9. Be3 O-O 10. Qd2 Kh7 11. Rd1 Re8 12. dxe5 dxe5 13. g4 Qe7 14. g5 hxg5 15.
Nxg5+ Kg8 16. h4 Nf8 17. f3 Be6 18. Qd6 Nh5 19. Qxe7 Rxe7 20. Kf2 f6 21. Bc5
Ree8 22. Bxf8 Bxf8 23. Nxe6 Rxe6 24. Rd7 Bc5+ 25. Ke1 Re7 26. Rxe7 Bxe7 27. Rg1
Kf7 28. Kd2 Nf4 29. a3 Rd8+ 30. Kc2 Bc5 31. Rh1 Bd4 32. Bf1 Bxc3 33. Kxc3 Rh8
34. c5 g5 35. Bc4+ Ke7 36. b4 Rxh4 37. Rf1 Ne6 38. Bxe6 Kxe6 39. Rd1 Rf4 40.
Rd3 g4 41. fxg4 Rxe4 42. Rg3 Kd5 43. g5 fxg5 44. Rxg5 Re3+ 45. Kb2 Kc4 46. Rg7
Re2+ 47. Kc1 Ra2 48. Rxb7 Rxa3 49. Kd2 a5 50. Rc7 axb4 51. Rxc6 Ra5 52. Rh6
Rxc5 53. Rh4+ Kb3 54. Rh3+ Ka2 55. Rh8 b3 56. Ra8+ Kb1 57. Rb8 b2 58. Ra8 Rd5+
59. Ke2 Rd4 60. Ke1 Kc2 61. Rc8+ Kb3 62. Rb8+ Rb4 0-1

[Event "4NCL Division 1d"]
[Site "Birmingham, ENG"]
[Date "2016.03.20"]
[Round "8.171"]
[White "Rendle, Thomas E"]
[Black "Lund, D Brett"]
[Result "1/2-1/2"]
[WhiteElo "2360"]
[BlackElo "2296"]
[PlyCount "104"]
[EventDate "2016.03.20"]
[WhiteTeam "Grantham Sharks 1"]
[BlackTeam "Spirit of Atticus A"]

1. e4 e6 2. Nf3 c5 3. g3 d5 4. exd5 exd5 5. d4 Nc6 6. Bg2 Bd6 7. O-O Nge7 8.
dxc5 Bxc5 9. Nbd2 Bg4 10. Nb3 Bb6 11. Re1 Qd7 12. Qd3 Bf5 13. Qe2 O-O 14. c3
Rae8 15. Be3 Nc8 16. Qd2 Bxe3 17. Rxe3 Rxe3 18. Qxe3 Re8 19. Qf4 b6 20. Nfd4
Be4 21. Nxc6 Qxc6 22. Nd4 Qd7 23. Re1 Bxg2 24. Rxe8+ Qxe8 25. Kxg2 Qd7 26. Nf5
g6 27. Ne3 Qe6 28. Qd4 Ne7 29. a3 Nf5 30. Nxf5 Qxf5 31. Qa4 Qe6 32. h4 a5 33.
Qd4 h5 34. Qe3 Qc6 35. f3 Qb5 36. b4 axb4 37. axb4 Qc6 38. Qd4 Qe6 39. Kf2 Qc6
40. Qe3 Qb5 41. f4 Qc6 42. Qe5 f6 43. Qe3 Kf7 44. Ke2 Qe6 45. Kd2 Qxe3+ 46.
Kxe3 Ke6 47. Kd4 Kd6 48. Ke3 f5 49. Kd4 b5 50. Kd3 Kd7 51. Ke3 Ke7 52. Kd4 Kd6
1/2-1/2

[Event "4NCL Division 1d"]
[Site "Birmingham, ENG"]
[Date "2016.03.20"]
[Round "8.172"]
[White "Carleton, John J"]
[Black "Roberson, Peter T"]
[Result "1/2-1/2"]
[WhiteElo "2281"]
[BlackElo "2384"]
[PlyCount "83"]
[EventDate "2016.03.20"]
[WhiteTeam "Spirit of Atticus A"]
[BlackTeam "Grantham Sharks 1"]

1. d4 e6 2. c4 Nf6 3. Nc3 Bb4 4. Qc2 O-O 5. e4 d5 6. e5 Ne4 7. a3 Bxc3+ 8. bxc3
c5 9. Bd3 cxd4 10. cxd4 Nc6 11. Ne2 Qa5+ 12. Kf1 f6 13. exf6 Nxf6 14. Bd2 Qd8
15. h3 Kh8 16. f4 dxc4 17. Qxc4 e5 18. Kg1 exd4 19. Kh2 Qd6 20. Bb4 Nxb4 21.
axb4 Rd8 22. Qc5 Qxc5 23. bxc5 Rd5 24. Rhc1 Bd7 25. Rab1 Bc6 26. Rc4 Rad8 27.
g4 h6 28. f5 Nd7 29. Nf4 Ne5 30. Rcc1 Nxd3 31. Nxd3 Kg8 32. Re1 Kf7 33. Nb4
R5d7 34. Nxc6 bxc6 35. Re6 d3 36. Rxc6 d2 37. Rd1 Re8 38. Rd6 Re2+ 39. Kg3 Rxd6
40. cxd6 Ke8 41. Kf3 Rh2 42. Kg3 1/2-1/2

[Event "4NCL Division 1d"]
[Site "Birmingham, ENG"]
[Date "2016.03.20"]
[Round "8.173"]
[White "Kulon, Klaudia"]
[Black "Ivell, Nicholas W"]
[Result "1-0"]
[WhiteElo "2298"]
[BlackElo "2239"]
[PlyCount "109"]
[EventDate "2016.03.20"]
[WhiteTeam "Grantham Sharks 1"]
[BlackTeam "Spirit of Atticus A"]

1. e4 c5 2. Nf3 e6 3. d4 cxd4 4. Nxd4 Nf6 5. Bd3 Nc6 6. Be3 d6 7. Qe2 Be7 8. f4
e5 9. fxe5 dxe5 10. Nf3 Bg4 11. Nbd2 O-O 12. h3 Bh5 13. g4 Bg6 14. c3 Rc8 15.
Bf2 Nd7 16. O-O-O a6 17. a4 Qa5 18. Bc2 Rfd8 19. Nc4 Qc7 20. Ne3 Nf6 21. Nc4
Nd7 22. h4 h5 23. Nfd2 b5 24. gxh5 Bh7 25. axb5 axb5 26. Ne3 Nd4 27. cxd4 exd4
28. Nec4 d3 29. Qxd3 bxc4 30. Qc3 Bf6 31. Bd4 Bxd4 32. Qxd4 Ne5 33. Qc3 Nd3+
34. Kb1 f6 35. Rhg1 Nxb2 36. Kxb2 Rxd2 37. Rxg7+ Qxg7 38. Rxd2 Qg1 39. Rd1 Qb6+
40. Kc1 Qf2 41. Qd2 Qxd2+ 42. Rxd2 Rc7 43. Rd6 Kf7 44. h6 Ke7 45. Rb6 Kf7 46.
e5 Bxc2 47. Rxf6+ Kg8 48. Kxc2 Rc5 49. Re6 Kh7 50. Kc3 Rc8 51. Rf6 Rc5 52. e6
Rh5 53. Kxc4 Rxh4+ 54. Kd5 Rh1 55. e7 1-0

[Event "4NCL Division 1d"]
[Site "Birmingham, ENG"]
[Date "2016.03.20"]
[Round "8.174"]
[White "House, Glenn L"]
[Black "Batchelor, Peter J"]
[Result "1/2-1/2"]
[WhiteElo "2214"]
[BlackElo "2349"]
[PlyCount "62"]
[EventDate "2016.03.20"]
[WhiteTeam "Spirit of Atticus A"]
[BlackTeam "Grantham Sharks 1"]

1. Nf3 Nf6 2. g3 d5 3. d3 g6 4. Bg2 Bg7 5. O-O O-O 6. Nbd2 a5 7. a4 Nc6 8. c3
e5 9. e4 Re8 10. Re1 dxe4 11. dxe4 h6 12. Qc2 Be6 13. Bf1 Nd7 14. Bc4 Qf6 15.
Bxe6 Qxe6 16. Nf1 Rad8 17. Be3 Bf8 18. Kg2 Nc5 19. Bxc5 Bxc5 20. Ne3 Bxe3 21.
Rxe3 Rd7 22. Rd1 Red8 23. Red3 Rxd3 24. Rxd3 Rxd3 25. Qxd3 Qb3 26. Qd5 Qxa4 27.
Nxe5 Nxe5 28. Qxe5 Qc4 29. Qxa5 Qxe4+ 30. Kg1 b6 31. Qa7 Qe1+ 1/2-1/2

[Event "4NCL Division 1d"]
[Site "Birmingham, ENG"]
[Date "2016.03.20"]
[Round "8.175"]
[White "Bremner, Adam"]
[Black "Mitchell, Martin"]
[Result "0-1"]
[WhiteElo "2200"]
[BlackElo "2183"]
[PlyCount "66"]
[EventDate "2016.03.20"]
[WhiteTeam "Grantham Sharks 1"]
[BlackTeam "Spirit of Atticus A"]

1. e4 d6 2. d4 Nf6 3. Nc3 g6 4. f4 Bg7 5. Nf3 c5 6. dxc5 Qa5 7. Qd4 O-O 8. cxd6
exd6 9. Qd2 Nbd7 10. Bd3 Re8 11. O-O Qb6+ 12. Kh1 Nc5 13. Qe2 Nfxe4 14. Nxe4
Nxe4 15. Bxe4 Bf5 16. Ng5 Bxe4 17. Nxe4 d5 18. Qd3 dxe4 19. Qb3 e3 20. Re1 e2
21. Qxb6 axb6 22. c3 b5 23. g3 b4 24. cxb4 Rad8 25. Kg2 Rd1 26. Kf2 Bd4+ 27.
Be3 Rxe3 28. Raxd1 exd1=N+ 29. Rxd1 Rd3+ 30. Ke2 Rxd1 31. Kxd1 Bxb2 32. Kc2 Bd4
33. Kd3 Bg1 0-1

[Event "4NCL Division 1d"]
[Site "Birmingham, ENG"]
[Date "2016.03.20"]
[Round "8.176"]
[White "Jackson, Sheila"]
[Black "Cumbers, Paul"]
[Result "1-0"]
[WhiteElo "2148"]
[BlackElo "2184"]
[PlyCount "97"]
[EventDate "2016.03.20"]
[WhiteTeam "Spirit of Atticus A"]
[BlackTeam "Grantham Sharks 1"]

1. e4 e6 2. d4 d5 3. Nd2 Nf6 4. e5 Nfd7 5. Bd3 c5 6. c3 Nc6 7. Ne2 cxd4 8. cxd4
f6 9. exf6 Nxf6 10. Nf3 Bd6 11. Bf4 Bxf4 12. Nxf4 O-O 13. O-O Qd6 14. Ne2 e5
15. dxe5 Nxe5 16. Nxe5 Qxe5 17. Qc2 Be6 18. Qc3 Qxc3 19. Nxc3 a6 20. Rae1 Rae8
21. a3 Nd7 22. f4 Nc5 23. Bb1 d4 24. Ne4 Nxe4 25. Rxe4 Bc4 26. Rd1 Rxe4 27.
Bxe4 Rxf4 28. Bxb7 Be2 29. Bd5+ Kf8 30. g3 Bxd1 31. gxf4 Be2 32. Kf2 Bd3 33.
Kf3 h6 34. Be4 Bf1 35. Bb1 Ke7 36. Ke4 Kd6 37. Kxd4 Bg2 38. b4 Bh3 39. Bd3 Bc8
40. h4 Bb7 41. a4 Bc8 42. a5 Bb7 43. b5 axb5 44. Bxb5 Bc8 45. Bd3 Bd7 46. a6
Kc7 47. Ke5 Bc8 48. a7 Kb7 49. Ba6+ 1-0

[Event "4NCL Division 1d"]
[Site "Birmingham, ENG"]
[Date "2016.03.20"]
[Round "8.177"]
[White "Tavares, Shawn P"]
[Black "Latham, David"]
[Result "1/2-1/2"]
[WhiteElo "2156"]
[BlackElo "2126"]
[PlyCount "58"]
[EventDate "2016.03.20"]
[WhiteTeam "Grantham Sharks 1"]
[BlackTeam "Spirit of Atticus A"]

1. c4 Nf6 2. Nc3 e5 3. g3 Bc5 4. Bg2 d6 5. Nf3 O-O 6. O-O c6 7. Rb1 Be6 8. d3
a5 9. a3 Nbd7 10. b4 axb4 11. axb4 Bb6 12. Na4 Bc7 13. b5 d5 14. Qc2 Bd6 15.
Bg5 Qa5 16. bxc6 bxc6 17. Bxf6 Qxa4 18. Qxa4 Rxa4 19. cxd5 cxd5 20. Bg5 h6 21.
Bc1 Ra2 22. Rb2 Rfa8 23. Nd2 Rxb2 24. Bxb2 Bb4 25. Nf3 Ra2 26. Rb1 Bd6 27. h4
f5 28. Bh3 Kf7 29. Kf1 g6 1/2-1/2

[Event "4NCL Division 1d"]
[Site "Birmingham, ENG"]
[Date "2016.03.20"]
[Round "8.181"]
[White "Chow, Sam"]
[Black "Gantner, Matthias"]
[Result "1-0"]
[WhiteElo "2329"]
[BlackElo "2297"]
[PlyCount "79"]
[EventDate "2016.03.20"]
[WhiteTeam "South Wales Dragons"]
[BlackTeam "White Rose 2"]

1. Nf3 d6 2. c4 e5 3. Nc3 f5 4. g3 Nf6 5. Bg2 Be7 6. O-O O-O 7. Rb1 a5 8. a3
Qe8 9. d3 Nc6 10. b4 Qh5 11. c5 dxc5 12. b5 Nd4 13. Nxe5 Ng4 14. Nxg4 fxg4 15.
Nd5 Bd6 16. Ne3 Bd7 17. Bxb7 Rae8 18. Be4 Bxb5 19. Rxb5 Nxb5 20. Qb3+ c4 21.
Qxc4+ Kh8 22. a4 Na7 23. Bb2 Nc8 24. Bc3 Nb6 25. Qb5 Qxb5 26. axb5 a4 27. Nxg4
a3 28. f4 Na4 29. Ba1 Rxe4 30. dxe4 Rb8 31. e5 Bc5+ 32. Kg2 Rxb5 33. Rd1 h5 34.
Nf2 Kg8 35. Ne4 Bb6 36. f5 Nb2 37. Rd8+ Kf7 38. e6+ Ke7 39. Rd7+ Ke8 40. f6 1-0